| 000 | 01251nmc a2200397 a 4500 | ||
|---|---|---|---|
| 003 | AR-BaBNM | ||
| 005 | 20251128210807.0 | ||
| 008 | 131020s2000 ||||||||||||||000 | spa|| | ||
| 020 | _a84-249-2498-3 | ||
| 040 | _cAR-BaBNM | ||
| 100 | 0 | _aDemóstenes | |
| 245 | 1 | 0 |
_aDiscursos políticos y privados ; _bContra Filipo ; Sobre la corona ; En defensa de Ctesifonte ; Contra Afobo I-II ; Contra Neera |
| 260 |
_aMadrid _bGredos _c2000 |
||
| 300 | _axxix, 334 p. | ||
| 490 | 0 |
_aBiblioteca básica Gredos _vv. 35 |
|
| 650 | 4 | _aHISTORIA ANTIGUA | |
| 650 | 4 | _aRETORICA | |
| 650 | 4 | _aHISTORIA POLITICA | |
| 650 | 4 | _aLITERATURA GRIEGA | |
| 650 | 4 | _aETICA | |
| 650 | 4 | _aFILOSOFIA POLITICA | |
| 651 | 4 | _aGrecia | |
| 653 | _aELOCUENCIA | ||
| 653 | _aFILOSOFIA ANTIGUA | ||
| 655 | _aLITERATURA | ||
| 700 | 1 |
_aCortés Copete, Juan Manuel _eprologuista |
|
| 700 | 1 |
_aLópez Eire, A. _etraductor |
|
| 700 | 1 |
_aColubi Falcó, José Manuel _etraductor |
|
| 740 | 0 |
_aContra Filipo _aContra Filipo |
|
| 740 | 0 |
_aSobre la corona _aSobre la corona |
|
| 740 | 0 |
_aEn defensa de Ctesifonte _aEn defensa de Ctesifonte |
|
| 740 | 0 |
_aContra Afobo: I-II _aContra Afobo: I-II |
|
| 740 | 0 |
_aContra Neera _aContra Neera |
|
| 942 | _cBK | ||
| 998 | _cMARTIN | ||
| 999 |
_c16933 _d16933 |
||